Normal view
MARC view
Entry Personal Name
001 - CONTROL NUMBER
- control field: 23072
003 - CONTROL NUMBER IDENTIFIER
- control field: ARRUPE
005 - DATE AND TIME OF LATEST TRANSACTION
- control field: 20160321124526.0
008 - FIXED-LENGTH DATA ELEMENTS
- fixed length control field: 160321|| aca||aabn | a|a d
040 ## - CATALOGING SOURCE
- Original cataloging agency: ARRUPE
- Transcribing agency: ARRUPE
100 ## - HEADING--PERSONAL NAME
- Personal name: Kidd, J. R.
- Fuller form of name: (James Robbins),
- Dates associated with a name: 1915-1982.
670 ## - SOURCE DATA FOUND
- Source citation: Work cat.: (ARRUPE)0: Hall, Budd L 23070, Adult learning, a design for action :, 1978.